Sports Quiz

Random Sports or Soccer Quiz

Premier League 30 goals Quiz Stats

 Plays Quiz not verified by Sporcle

Challenge
Share
Tweet
Embed
Score 0/5 Timer 01:00
0 Plays Today
Season Player % Correct
1994-95Alan Shearer
94.6%
2003-04Thierry Henry
88.1%
2007-08Cristiano Ronaldo
86.2%
1993-94Andy Cole
80%
1999-00Kevin Phillips
59%

You're not logged in!

Compare scores with friends on all Sporcle quizzes.
Join for Free
OR
Log In

You Might Also Like...

Show Comments

Extras

Top Quizzes Today


Score Distribution

Your Account Isn't Verified!

In order to create a playlist on Sporcle, you need to verify the email address you used during registration. Go to your Sporcle Settings to finish the process.

Report this User

Report this user for behavior that violates our Community Guidelines.

Details: